Les Meilleurs buteurs de le Championnat d'Allemagne 2023-2024 - Statistiques

Statistiques générales
  • Ce quiz a été pris 21 fois
  • Le résultat moyen est 7 sur 10
Statistiques - réponses
Buts Nationalité Club Joueur % Correct
36 Angleterre Bayern Munich Harry Kane
100%
13 Pays-Bas Borussia Dortmund Donyell Malen
90%
24 Belgique RB Leipzig Loïs Openda
85%
28 Guinée VfB Stuttgart Serhou Guirassy
85%
14 Nigeria Bayer Leverkusen Victor Boniface
85%
15 Croatie TSG Hoffenheim Andrej Kramaric
80%
12 Slovénie RB Leipzig Benjamin Sesko
70%
18 Allemagne VfB Stuttgart Deniz Undav
60%
12 Bosnie-Herzégovine FC Augsbourg Ermedin Demirović
20%
16 Allemagne TSG Hoffenheim Maximilian Beier
20%
Aucun quiz correspondant
Distribution des résultats
% des personnes avec chaque résultat
Percentile par nombre de réponses
Votre historique - résultats
Vous n’avez pas pris ce quiz